Normal view
MARC view
- Weygandt ,Jerry J./ Kimmel, Paul D./Kieso, Donald K
Entry Personal Name
001 - CONTROL NUMBER
- control field: 5672
003 - CONTROL NUMBER IDENTIFIER
- control field: OSt
005 - DATE AND TIME OF LATEST TRANSACTION
- control field: 20240212050954.0
008 - FIXED-LENGTH DATA ELEMENTS
- fixed length control field: 240212|| aca||aabn | a|a d
040 ## - CATALOGING SOURCE
- Original cataloging agency: OSt
- Transcribing agency: OSt
100 ## - HEADING--PERSONAL NAME
- Personal name: Weygandt ,Jerry J./ Kimmel, Paul D./Kieso, Donald K
670 ## - SOURCE DATA FOUND
- Source citation: Work cat.: (OSt)1230: Weygandt ,Jerry J./ Kimmel, Paul D./Kieso, Donald K., Accounting principles / , c2014
